000 00423nam a2200157Ia 4500
008 170203s9999 xx 000 0 und d
050 _a5.3
050 _b.H668p 2004
245 _aPowerpoint presentation for Beginners /
245 _cMadrid-Hirata, Evangeline
260 _aPhilippines :
260 _bHyperbit International Inc.
300 _a143 pages :
300 _c28 cm.
650 _xpowerpoint presentation.
999 _c305542
_d305542